Moderné nástroje riadenia rizík v medzinárodnom obchode bakalárska práca

Enregistré dans:
Détails bibliographiques
Auteur principal: Boháčiková, Nela
Collectivité auteur: Obchodná fakulta EU. Katedra medzinárodného obchodu
Autres auteurs: Steinhauser, Dušan, 1988-
Format: Livre
Langue:slovaque
Publié: Bratislava 2021
Tags: Ajouter un tag
Pas de tags, Soyez le premier à ajouter un tag!

MARC

LEADER 00000nbm a2200000 4500
001 0275943
005 20220209123512.8
041 0 |a slo 
044 |a SK 
245 1 0 |a Moderné nástroje riadenia rizík v medzinárodnom obchode  |b bakalárska práca  |c Nela Boháčiková ; školiteľ: Dušan Steinhauser 
264 1 |a Bratislava  |c 2021 
300 |a 53 s. 
100 1 |a Boháčiková, Nela 
700 1 |a Steinhauser, Dušan, 1988- 
710 2 |a Obchodná fakulta EU. Katedra medzinárodného obchodu